Qom - tobas III : Tierra y libertad /
El valor de la tierra, como espacio y no como negocio, es fundamental para el desarrollo de vida de los pueblos originarios. Por diversas situaciones, miles de tobas tuvieron que dejar su lugar de origen, el monte, para emigrar a grandes centros urbanos alejados de su entorno natural. Este capítulo...
Guardado en:
| Autor Principal: | |
|---|---|
| Autor Corporativo: | |
| Formato: | |
| Publicado: |
Argentina,
2007
|
| Series: | Pueblos Originarios I
|
| Materias: | |
| Acceso en línea: | https://www.educ.ar/recursos/50517/qom-tobas-iii-tierra-y-libertad |
| Etiquetas: |
Agregar Etiqueta
Sin Etiquetas, Sea el primero en etiquetar este registro!
|
| LEADER | 01362ngm a22003255g 4500 | ||
|---|---|---|---|
| 001 | CEM.cems023992 | ||
| 008 | 130507s2007##################0###0#####d | ||
| 005 | 20250804193252.0 | ||
| 245 | 1 | 0 | |a Qom - tobas III : |b Tierra y libertad / |c Julián Rousso. |
| 260 | |a Argentina, |c 2007 | ||
| 300 | |a 28'. | ||
| 490 | 0 | |a Pueblos Originarios I | |
| 538 | |a Soporte: DVD - Grabación DRD | ||
| 520 | |a El valor de la tierra, como espacio y no como negocio, es fundamental para el desarrollo de vida de los pueblos originarios. Por diversas situaciones, miles de tobas tuvieron que dejar su lugar de origen, el monte, para emigrar a grandes centros urbanos alejados de su entorno natural. Este capítulo narra el ser toba, sus conflictos, anhelos y contradicciones en un constante diálogo entre la naturaleza y la vida en la ciudad. | ||
| 500 | |a Consultar en ventanilla. | ||
| 100 | 1 | |a Rousso, Julián | |
| 710 | 2 | |a Canal Encuentro. | |
| 082 | 3 | 0 | |/ ROU-1 |
| 653 | |a SOCIEDAD | ||
| 653 | |a PUEBLOS ORIGINARIOS | ||
| 653 | |a ABORIGENES | ||
| 653 | |a INDIGENAS | ||
| 653 | |a INDIGENISMO | ||
| 653 | |a ETNIAS | ||
| 653 | |a TOBAS | ||
| 653 | |a QOM | ||
| 653 | |a CHACO | ||
| 653 | |a SERIE DE TELEVISIÓN | ||
| 856 | |u https://www.educ.ar/recursos/50517/qom-tobas-iii-tierra-y-libertad | ||
| 859 | |a CEMS |b BIB. CEMS - Depto. Recursos Didacticos |h 301 |i ROU-1 |k DRD |p 2635.16 |t Ej.1 | ||
